Temblores de aire (Registro nro. 184935)

Detalles MARC
000 -LEADER
campo de control de longitud fija 01075nam a2200301 i 4500
001 - NÚMERO DE CONTROL
campo de control 184935
003 - IDENTIFICADOR DE NÚMERO DE CONTROL
campo de control SpMaBN
005 - FECHA Y HORA DE LA ÚLTIMA TRANSACCIÓN
campo de control 20250930063157.0
008 - DATOS DE LONGITUD FIJA--INFORMACIÓN GENERAL
campo de control de longitud fija 160219s2003 sp o |||| | spa d
020 ## - NÚMERO INTERNACIONAL ESTÁNDAR DEL LIBRO
Número Internacional Estándar del Libro 84-8191-518-1
080 ## - NÚMERO DE LA CLASIFICACIÓN DECIMAL UNIVERSAL
Número de la Clasificación Decimal Universal 355.4(100):623.459"19"
080 ## - NÚMERO DE LA CLASIFICACIÓN DECIMAL UNIVERSAL
Número de la Clasificación Decimal Universal 323.28(100)"19"
100 1# - ENTRADA PRINCIPAL--NOMBRE DE PERSONA
Nombre de persona Sloterdijk, Peter,
Fechas asociadas al nombre 1947-
9 (RLIN) 159830
245 10 - MENCIÓN DEL TÍTULO
Título Temblores de aire
Resto del título : en las fuentes del terror /
Mención de responsabilidad, etc. Peter Sloterdijk ; prólogo y selección fotográfica de Nicolás Sánchez Durá ; traducción de Germán Cano.
250 ## - MENCION DE EDICION
Mención de edición 1ª ed.
260 ## - PUBLICACIÓN, DISTRIBUCIÓN, ETC.
Lugar de publicación, distribución, etc. Valencia :
Nombre del editor, distribuidor, etc. Pre-Textos,
Fecha de publicación, distribución, etc. 2003.
300 ## - DESCRIPCIÓN FÍSICA
Extensión 142 p. :
Otras características físicas fot. ;
Dimensiones 19 cm.
490 1# - MENCIÓN DE SERIE
Mención de serie Pre-textos ;
Designación de volumen o secuencia 625. Ensayo
504 ## - NOTA DE BIBLIOGRAFÍA, ETC.
Nota de bibliografía, etc. Referencias bibliográficas.
594 ## - Nota al título y mención de responsabilidad
Nota al título y mención de responsabilidad Trad. de: Luftbeben.
650 #7 - PUNTO DE ACCESO ADICIONAL DE MATERIA--TÉRMINO DE MATERIA
Término de materia o nombre geográfico como elemento de entrada Guerra biológica.
9 (RLIN) 138688
650 #7 - PUNTO DE ACCESO ADICIONAL DE MATERIA--TÉRMINO DE MATERIA
Término de materia o nombre geográfico como elemento de entrada Bioterrorismo.
9 (RLIN) 138753
700 1# - ENTRADA AGREGADA--NOMBRE PERSONAL
Nombre de persona Sánchez Durá, Nicolás.
9 (RLIN) 102619
700 1# - ENTRADA AGREGADA--NOMBRE PERSONAL
Nombre de persona Cano, Germán.
9 (RLIN) 34529
830 0# - PUNTO DE ACCESO ADICIONAL DE SERIE-TÍTULO UNIFORME
Título uniforme Pre-textos ;
Designación de volumen o secuencia 625. Ensayo
9 (RLIN) 178641
852 ## - LOCALIZACIÓN
Ubicación ES-MaACL
Número de control de estantería L-30211
Nota libre . - Donat. Miguel A. Velasco
Existencias
Estatus retirado Estado de pérdida Estado de daño No para préstamo Biblioteca de origen Biblioteca actual Ubicación en estantería Fecha de adquisición Fuente de adquisición Total de préstamos Signatura topográfica completa Código de barras Visto por última vez Precio de reemplazo Tipo de ítem Koha
        Biblioteca del Ateneo de Madrid Biblioteca del Ateneo de Madrid Depósito 2 19/02/2016     L-30211 1194780 23/02/2023 23/02/2023 Libro impreso